[Event "Stay Safe Play From Home 330"]
[Site "Mustafa Kemal Atatürk"]
[Date "2020.07.24"]
[Round "1"]
[White "Lazieri3"]
[Black "SelamiSahin"]
[Result "0-1"]
[WhiteElo "2093"]
[BlackElo "1620"]
[PlyCount "62"]
[EventDate "2020.07.24"]
[EventType "swiss (blitz)"]

1. e4 {[%emt 0:00:01]} c6 {[%emt 0:00:06]} 2. d4 {[%emt 0:00:01]} d5 {[%emt 0:00:01]} 3. Nc3 {[%emt 0:00:02]} dxe4 {[%emt 0:00:02]} 4. Nxe4 {[%emt 0:00:03]} Nf6 {[%emt 0:00:02]} 5. Nxf6+ {[%emt 0:00:02]} exf6 {[%emt 0:00:00]} 6. Nf3 {[%emt 0:00:00]} Bd6 {[%emt 0:00:02]} 7. Bd3 {[%emt 0:00:01]} Bg4 {[%emt 0:00:06]} 8. h3 {[%emt 0:00:01]} Bh5 {[%emt 0:00:02]} 9. O-O {[%emt 0:00:02]} O-O {[%emt 0:00:03]} 10. Re1 {[%emt 0:00:00]} Qc7 {[%emt 0:00:40]} 11. c3 {[%emt 0:00:05]} Nd7 {[%emt 0:00:06]} 12. Qc2 {[%emt 0:00:01]} Bxf3 {[%emt 0:00:14]} 13. Bxh7+ {[%emt 0:00:02]} Kh8 {[%emt 0:00:05]} 14. gxf3 {[%emt 0:00:00]} g6 {[%emt 0:00:08]} 15. Bxg6 {[%emt 0:00:09]} fxg6 {[%emt 0:00:00]} 16. Bh6 {[%emt 0:00:07]} Rf7 {[%emt 0:00:04]} 17. Kh1 {[%emt 0:00:05]} Rg8 {[%emt 0:00:12]} 18. Re6 {[%emt 0:00:03]} Rh7 {[%emt 0:00:06]} 19. Be3 {[%emt 0:00:12]} Rxh3+ {[%emt 0:00:15]} 20. Kg1 {[%emt 0:00:02]} Kg7 {[%emt 0:00:12]} 21. Re1 {[%emt 0:00:09]} Rgh8 {[%emt 0:00:05]} 22. Bf4 {[%emt 0:00:30]} Bxf4 {[%emt 0:00:10]} 23. Re7+ {[%emt 0:00:02]} Kh6 {[%emt 0:00:02]} 24. Qe4 {[%emt 0:00:09]} Kg5 {[%emt 0:00:05]} 25. Kf1 {[%emt 0:00:19]} Rh1+ {[%emt 0:00:14]} 26. Ke2 {[%emt 0:00:01]} Rxe1+ {[%emt 0:00:02]} 27. Kxe1 {[%emt 0:00:00]} Rh1+ {[%emt 0:00:02]} 28. Ke2 {[%emt 0:00:01]} Qb6 {[%emt 0:00:02]} 29. Rxd7 {[%emt 0:00:32]} Qxb2+ {[%emt 0:00:01]} 30. Kd3 {[%emt 0:00:02]} Rd1+ {[%emt 0:00:03]} 31. Kc4 {[%emt 0:00:04]} Qb5# {[%emt 0:00:01] (Lag: Av=0.76s, max=1.2s)} 0-1

[Event "Stay Safe Play From Home 330"]
[Site "Mustafa Kemal Atatürk"]
[Date "2020.07.24"]
[Round "1"]
[White "Ionelluca"]
[Black "Klasman"]
[Result "1-0"]
[WhiteElo "2023"]
[BlackElo "1603"]
[Annotator "NA"]
[PlyCount "35"]
[EventDate "2020.07.24"]
[EventType "swiss (blitz)"]

1. c4 {[%emt 0:00:04]} f5 {[%emt 0:00:01]} 2. Nc3 {[%emt 0:00:05]} Nf6 {[%emt 0:00:01]} 3. g3 {[%emt 0:00:01]} e6 {[%emt 0:00:01]} 4. Bg2 {[%emt 0:00:01]} c6 {[%emt 0:00:01]} 5. d3 {[%emt 0:00:01]} Bb4 {[%emt 0:00:02]} 6. Bd2 {[%emt 0:00:01]} d5 {[%emt 0:00:02]} 7. cxd5 {[%emt 0:00:01]} cxd5 {[%emt 0:00:03]} 8. d4 {[%emt 0:00:03]} Nc6 {[%emt 0:00:03]} 9. Nf3 {[%emt 0:00:02]} Bxc3 {[%emt 0:00:04]} 10. bxc3 {[%emt 0:00:02]} Ne4 {[%emt 0:00:01]} 11. Rb1 {[%emt 0:00:03]} O-O {[%emt 0:00:02]} 12. O-O {[%emt 0:00:02]} h6 {[%emt 0:00:08]} 13. Qb3 {[%emt 0:00:05]} g5 {[%emt 0:00:04]} 14. Rfd1 {[%emt 0:00:06]} Rb8 {[%emt 0:00:18]} 15. c4 {[%emt 0:00:03]} g4 {[%emt 0:00:12]} 16. Ne5 {[%emt 0:00:05]} Nxd4 {[%emt 0:00:03]} 17. Qe3 {[%emt 0:00:07]} Nc6 {[%emt 0:00:29]} 18. Nxc6 {[%emt 0:00:02] Klasman resigns (Lag: Av=0.57s, max=0.9s)} 1-0

[Event "Stay Safe Play From Home 330"]
[Site "Mustafa Kemal Atatürk"]
[Date "2020.07.24"]
[Round "1"]
[White "Schachwerk_64"]
[Black "Justwatch"]
[Result "1-0"]
[WhiteElo "1875"]
[BlackElo "1309"]
[Annotator "NA"]
[PlyCount "70"]
[EventDate "2020.07.24"]
[EventType "swiss (blitz)"]

1. e4 {[%emt 0:00:02]} Nf6 {[%emt 0:00:00]} 2. e5 {[%emt 0:00:01]} Nd5 {[%emt 0:00:02]} 3. d4 {[%emt 0:00:00]} d6 {[%emt 0:00:01]} 4. Bc4 {[%emt 0:00:02]} Nb6 {[%emt 0:00:01]} 5. Bb3 {[%emt 0:00:01]} d5 {[%emt 0:00:07]} 6. h3 {[%emt 0:00:09]} Nc6 {[%emt 0:00:42]} 7. Ne2 {[%emt 0:00:02]} e6 {[%emt 0:00:06]} 8. c3 {[%emt 0:00:01]} Bd7 {[%emt 0:00:02]} 9. Nd2 {[%emt 0:00:08]} g6 {[%emt 0:00:02]} 10. O-O {[%emt 0:00:02]} Bg7 {[%emt 0:00:02]} 11. a4 {[%emt 0:00:02]} O-O {[%emt 0:00:02]} 12. a5 {[%emt 0:00:05]} Nc8 {[%emt 0:00:02]} 13. f4 {[%emt 0:00:03]} N8e7 {[%emt 0:00:03]} 14. Nf3 {[%emt 0:00:07]} a6 {[%emt 0:00:01]} 15. g4 {[%emt 0:00:03]} Na7 {[%emt 0:00:11]} 16. Ng3 {[%emt 0:00:03]} Nb5 {[%emt 0:00:29]} 17. Bc2 {[%emt 0:00:09]} c6 {[%emt 0:00:24]} 18. f5 {[%emt 0:00:03]} exf5 {[%emt 0:00:17]} 19. gxf5 {[%emt 0:00:01]} Nxf5 {[%emt 0:00:02]} 20. Nxf5 {[%emt 0:00:04]} Bxf5 {[%emt 0:00:00]} 21. Bxf5 {[%emt 0:00:01]} gxf5 {[%emt 0:00:00]} 22. Rf2 {[%emt 0:00:23]} f6 {[%emt 0:00:37]} 23. Bf4 {[%emt 0:00:09]} fxe5 {[%emt 0:00:22]} 24. Bxe5 {[%emt 0:00:05]} Bxe5 {[%emt 0:00:02]} 25. Nxe5 {[%emt 0:00:00]} Kh8 {[%emt 0:00:04]} 26. Qh5 {[%emt 0:00:06]} Rf6 {[%emt 0:00:03]} 27. Nf7+ {[%emt 0:00:08]} Rxf7 {[%emt 0:00:05]} 28. Qxf7 {[%emt 0:00:01]} Qg5+ {[%emt 0:00:00]} 29. Kh2 {[%emt 0:00:04]} Rg8 {[%emt 0:00:03]} 30. Qxf5 {[%emt 0:00:13]} Qg3+ {[%emt 0:00:04]} 31. Kh1 {[%emt 0:00:01]} Nd6 {[%emt 0:00:02]} 32. Qe5+ {[%emt 0:00:04]} Qg7 {[%emt 0:00:02]} 33. Qxd6 {[%emt 0:00:10]} Qg3 {[%emt 0:00:03]} 34. Qxg3 {[%emt 0:00:04]} Rxg3 {[%emt 0:00:01]} 35. Kh2 {[%emt 0:00:02]} Rg7 {[%emt 0:00:01] Justwatch terk eder (Lag: Av=0.53s, max=1.0s)} 1-0

[Event "Stay Safe Play From Home 330"]
[Site "Mustafa Kemal Atatürk"]
[Date "2020.07.24"]
[Round "1"]
[White "Kongle"]
[Black "BrainThinker22"]
[Result "0-1"]
[WhiteElo "1635"]
[BlackElo "2141"]
[Annotator "NA"]
[PlyCount "82"]
[EventDate "2020.07.24"]
[EventType "swiss (blitz)"]

1. d4 {[%emt 0:00:09]} Nf6 {[%emt 0:00:03]} 2. c4 {[%emt 0:00:02]} e6 {[%emt 0:00:02]} 3. Nc3 {[%emt 0:00:00]} Bb4 {[%emt 0:00:01]} 4. Bg5 {[%emt 0:00:01]} d6 {[%emt 0:00:06]} 5. e3 {[%emt 0:00:01]} h6 {[%emt 0:00:01]} 6. Bxf6 {[%emt 0:00:02]} Qxf6 {[%emt 0:00:00]} 7. Bd3 {[%emt 0:00:01]} c5 {[%emt 0:00:04]} 8. Nf3 {[%emt 0:00:02]} O-O {[%emt 0:00:03]} 9. O-O {[%emt 0:00:02]} Bxc3 {[%emt 0:00:06]} 10. bxc3 {[%emt 0:00:02]} Nc6 {[%emt 0:00:02]} 11. Rb1 {[%emt 0:00:05]} b6 {[%emt 0:00:04]} 12. Qa4 {[%emt 0:00:07]} Bd7 {[%emt 0:00:14]} 13. Rbd1 {[%emt 0:00:11]} Rfd8 {[%emt 0:00:12]} 14. Qc2 {[%emt 0:00:04]} Rac8 {[%emt 0:00:08]} 15. Qe2 {[%emt 0:00:02]} d5 {[%emt 0:00:37]} 16. cxd5 {[%emt 0:00:06]} exd5 {[%emt 0:00:00]} 17. Ba6 {[%emt 0:00:01]} Rc7 {[%emt 0:00:28]} 18. Bd3 {[%emt 0:00:02]} Bg4 {[%emt 0:00:06]} 19. Bb1 {[%emt 0:00:03]} Re7 {[%emt 0:00:08]} 20. Qd3 {[%emt 0:00:03]} g6 {[%emt 0:00:05]} 21. Rc1 {[%emt 0:00:05]} Bxf3 {[%emt 0:00:03]} 22. gxf3 {[%emt 0:00:01]} Qxf3 {[%emt 0:00:00]} 23. Qb5 {[%emt 0:00:16]} cxd4 {[%emt 0:00:38]} 24. Qxc6 {[%emt 0:00:12]} dxe3 {[%emt 0:00:01]} 25. Bc2 {[%emt 0:00:45]} Re5 {[%emt 0:00:07]} 26. Qc7 {[%emt 0:00:15]} Rg5+ {[%emt 0:00:05]} 27. Qg3 {[%emt 0:00:00]} exf2+ {[%emt 0:00:02]} 28. Rxf2 {[%emt 0:00:05]} Rxg3+ {[%emt 0:00:00]} 29. hxg3 {[%emt 0:00:01]} Qxg3+ {[%emt 0:00:00]} 30. Rg2 {[%emt 0:00:01]} Qe3+ {[%emt 0:00:00]} 31. Kh2 {[%emt 0:00:01]} Qxc1 {[%emt 0:00:00]} 32. Bxg6 {[%emt 0:00:03]} fxg6 {[%emt 0:00:01]} 33. Rxg6+ {[%emt 0:00:01]} Kf7 {[%emt 0:00:00]} 34. Rg2 {[%emt 0:00:03]} Rg8 {[%emt 0:00:02]} 35. Rf2+ {[%emt 0:00:01]} Ke7 {[%emt 0:00:01]} 36. Re2+ {[%emt 0:00:04]} Kd6 {[%emt 0:00:01]} 37. Rg2 {[%emt 0:00:06]} Qf4+ {[%emt 0:00:01]} 38. Kg1 {[%emt 0:00:01]} Rxg2+ {[%emt 0:00:06]} 39. Kxg2 {[%emt 0:00:01]} h5 {[%emt 0:00:01]} 40. a4 {[%emt 0:00:03]} h4 {[%emt 0:00:01]} 41. Kh3 {[%emt 0:00:01]} Qg3# {[%emt 0:00:00] (Lag: Av=0.69s, max=2.0s)} 0-1

[Event "Stay Safe Play From Home 330"]
[Site "Mustafa Kemal Atatürk"]
[Date "2020.07.24"]
[Round "1"]
[White "Timbre"]
[Black "Haxhi Baha"]
[Result "1-0"]
[WhiteElo "1617"]
[BlackElo "2036"]
[PlyCount "65"]
[EventDate "2020.07.24"]
[EventType "swiss (blitz)"]

1. d4 {[%emt 0:00:14]} d5 {[%emt 0:00:10]} 2. Nf3 {[%emt 0:00:02]} Bf5 {[%emt 0:00:07]} 3. c3 {[%emt 0:00:01]} Nd7 {[%emt 0:00:14]} 4. Bf4 {[%emt 0:00:02]} c6 {[%emt 0:00:02]} 5. e3 {[%emt 0:00:02]} Ngf6 {[%emt 0:00:01]} 6. Bd3 {[%emt 0:00:02]} Ne4 {[%emt 0:00:03]} 7. Qc2 {[%emt 0:00:03]} Ndf6 {[%emt 0:00:09]} 8. Nbd2 {[%emt 0:00:03]} Bg6 {[%emt 0:00:02]} 9. Ne5 {[%emt 0:00:05]} Nxd2 {[%emt 0:00:07]} 10. Qxd2 {[%emt 0:00:03]} Bxd3 {[%emt 0:00:05]} 11. Qxd3 {[%emt 0:00:01]} e6 {[%emt 0:00:02]} 12. Nf3 {[%emt 0:00:04]} Bd6 {[%emt 0:00:02]} 13. Bxd6 {[%emt 0:00:02]} Qxd6 {[%emt 0:00:00]} 14. Ne5 {[%emt 0:00:02]} O-O {[%emt 0:00:01]} 15. f4 {[%emt 0:00:02]} Ne4 {[%emt 0:00:02]} 16. O-O {[%emt 0:00:02]} f6 {[%emt 0:00:03]} 17. Nf3 {[%emt 0:00:05]} Rac8 {[%emt 0:00:01]} 18. Nd2 {[%emt 0:00:02]} f5 {[%emt 0:00:04]} 19. Nf3 {[%emt 0:00:02]} c5 {[%emt 0:00:02]} 20. Ne5 {[%emt 0:00:02]} c4 {[%emt 0:00:00]} 21. Qe2 {[%emt 0:00:03]} b5 {[%emt 0:00:02]} 22. a3 {[%emt 0:00:02]} Rf6 {[%emt 0:00:02]} 23. Rf3 {[%emt 0:00:02]} g5 {[%emt 0:00:01]} 24. fxg5 {[%emt 0:00:05]} Nxg5 {[%emt 0:00:01]} 25. Rg3 {[%emt 0:00:01]} h6 {[%emt 0:00:06]} 26. h4 {[%emt 0:00:02]} f4 {[%emt 0:00:12]} 27. exf4 {[%emt 0:00:04]} Rxf4 {[%emt 0:00:00]} 28. hxg5 {[%emt 0:00:02]} hxg5 {[%emt 0:00:06]} 29. Rxg5+ {[%emt 0:00:02]} Kf8 {[%emt 0:00:03]} 30. Qh5 {[%emt 0:00:05]} Ke7 {[%emt 0:00:14]} 31. Rg7+ {[%emt 0:00:05]} Kd8 {[%emt 0:00:01]} 32. Nf7+ {[%emt 0:00:09]} Rxf7 {[%emt 0:00:02]} 33. Qxf7 {[%emt 0:00:02] Haxhi Baha resigns (Lag: Av=0.67s, max=1.0s)} 1-0

[Event "Stay Safe Play From Home 330"]
[Site "Mustafa Kemal Atatürk"]
[Date "2020.07.24"]
[Round "1"]
[White "W Nelles"]
[Black "Dukic"]
[Result "0-1"]
[WhiteElo "1375"]
[BlackElo "1974"]
[PlyCount "70"]
[EventDate "2020.07.24"]
[EventType "swiss (blitz)"]

1. e4 {[%emt 0:00:03]} c6 {[%emt 0:00:01]} 2. Nf3 {[%emt 0:00:01]} d6 {[%emt 0:00:01]} 3. Bd3 {[%emt 0:00:02]} Bg4 {[%emt 0:00:02]} 4. O-O {[%emt 0:00:01]} Nd7 {[%emt 0:00:01]} 5. h3 {[%emt 0:00:01]} Bh5 {[%emt 0:00:02]} 6. g4 {[%emt 0:00:01]} Bg6 {[%emt 0:00:02]} 7. Nh4 {[%emt 0:00:01]} e5 {[%emt 0:00:08]} 8. b3 {[%emt 0:00:03]} Qxh4 {[%emt 0:00:03]} 9. Qf3 {[%emt 0:00:02]} Nc5 {[%emt 0:00:06]} 10. Bc4 {[%emt 0:00:02]} b5 {[%emt 0:00:04]} 11. Be2 {[%emt 0:00:07]} h5 {[%emt 0:00:07]} 12. g5 {[%emt 0:00:04]} Qxg5+ {[%emt 0:00:03]} 13. Qg3 {[%emt 0:00:02]} Qxg3+ {[%emt 0:00:12]} 14. fxg3 {[%emt 0:00:02]} Nxe4 {[%emt 0:00:01]} 15. Kg2 {[%emt 0:00:02]} h4 {[%emt 0:00:14]} 16. Rf3 {[%emt 0:00:05]} Nxg3 {[%emt 0:00:05]} 17. Bd3 {[%emt 0:00:05]} e4 {[%emt 0:00:02]} 18. Bxe4 {[%emt 0:00:03]} Bxe4 {[%emt 0:00:02]} 19. d3 {[%emt 0:00:03]} Bxf3+ {[%emt 0:00:02]} 20. Kxf3 {[%emt 0:00:02]} Nf6 {[%emt 0:00:01]} 21. Bg5 {[%emt 0:00:01]} d5 {[%emt 0:00:15]} 22. Nc3 {[%emt 0:00:02]} Bd6 {[%emt 0:00:02]} 23. Re1+ {[%emt 0:00:02]} Kd7 {[%emt 0:00:01]} 24. Ne2 {[%emt 0:00:06]} Rae8 {[%emt 0:00:04]} 25. Bd2 {[%emt 0:00:05]} Nxe2 {[%emt 0:00:02]} 26. Rxe2 {[%emt 0:00:01]} Rxe2 {[%emt 0:00:02]} 27. Kxe2 {[%emt 0:00:02]} Nh5 {[%emt 0:00:01]} 28. c4 {[%emt 0:00:03]} f5 {[%emt 0:00:02]} 29. d4 {[%emt 0:00:04]} bxc4 {[%emt 0:00:03]} 30. bxc4 {[%emt 0:00:02]} dxc4 {[%emt 0:00:01]} 31. Bc3 {[%emt 0:00:02]} Re8+ {[%emt 0:00:03]} 32. Kf3 {[%emt 0:00:02]} Re4 {[%emt 0:00:01]} 33. d5 {[%emt 0:00:01]} cxd5 {[%emt 0:00:03]} 34. a4 {[%emt 0:00:03]} d4 {[%emt 0:00:01]} 35. Ba5 {[%emt 0:00:02]} c3 {[%emt 0:00:02] W Nelles gibt auf (Lag: Av=0.50s, max=0.8s)} 0-1

[Event "Stay Safe Play From Home 330"]
[Site "Mustafa Kemal Atatürk"]
[Date "2020.07.24"]
[Round "2"]
[White "Lazieri3"]
[Black "Kongle"]
[Result "1-0"]
[WhiteElo "2062"]
[BlackElo "1633"]
[PlyCount "79"]
[EventDate "2020.07.24"]
[EventType "swiss (blitz)"]

1. e4 {[%emt 0:00:01]} e5 {[%emt 0:00:05]} 2. Nc3 {[%emt 0:00:00]} Nc6 {[%emt 0:00:01]} 3. Nf3 {[%emt 0:00:00]} Nf6 {[%emt 0:00:02]} 4. d4 {[%emt 0:00:01]} exd4 {[%emt 0:00:02]} 5. Nxd4 {[%emt 0:00:00]} d6 {[%emt 0:00:01]} 6. Nxc6 {[%emt 0:00:01]} bxc6 {[%emt 0:00:02]} 7. Bd3 {[%emt 0:00:00]} Be7 {[%emt 0:00:01]} 8. O-O {[%emt 0:00:01]} Be6 {[%emt 0:00:01]} 9. Bg5 {[%emt 0:00:02]} h6 {[%emt 0:00:02]} 10. Bh4 {[%emt 0:00:01]} g5 {[%emt 0:00:02]} 11. Bg3 {[%emt 0:00:01]} Qd7 {[%emt 0:00:02]} 12. e5 {[%emt 0:00:01]} Nd5 {[%emt 0:00:05]} 13. Nxd5 {[%emt 0:00:03]} cxd5 {[%emt 0:00:02]} 14. exd6 {[%emt 0:00:00]} Bxd6 {[%emt 0:00:02]} 15. Bxd6 {[%emt 0:00:01]} Qxd6 {[%emt 0:00:02]} 16. Re1 {[%emt 0:00:03]} O-O {[%emt 0:00:06]} 17. Qh5 {[%emt 0:00:01]} Kg7 {[%emt 0:00:03]} 18. h4 {[%emt 0:00:02]} g4 {[%emt 0:00:10]} 19. Re3 {[%emt 0:00:11]} f5 {[%emt 0:00:16]} 20. Rae1 {[%emt 0:00:06]} Bf7 {[%emt 0:00:05]} 21. Qxf5 {[%emt 0:00:02]} Bg6 {[%emt 0:00:02]} 22. Re7+ {[%emt 0:00:04]} Rf7 {[%emt 0:00:24]} 23. Rxf7+ {[%emt 0:00:04]} Bxf7 {[%emt 0:00:01]} 24. Qh7+ {[%emt 0:00:01]} Kf8 {[%emt 0:00:03]} 25. Qh8+ {[%emt 0:00:07]} Bg8 {[%emt 0:00:02]} 26. Bh7 {[%emt 0:00:04]} Kf7 {[%emt 0:00:10]} 27. Bxg8+ {[%emt 0:00:11]} Rxg8 {[%emt 0:00:01]} 28. Qh7+ {[%emt 0:00:02]} Rg7 {[%emt 0:00:02]} 29. Qf5+ {[%emt 0:00:01]} Qf6 {[%emt 0:00:06]} 30. Qxd5+ {[%emt 0:00:01]} Kg6 {[%emt 0:00:02]} 31. Re6 {[%emt 0:00:03]} Qxe6 {[%emt 0:00:05]} 32. Qxe6+ {[%emt 0:00:03]} Kh7 {[%emt 0:00:00]} 33. c4 {[%emt 0:00:05]} h5 {[%emt 0:00:07]} 34. c5 {[%emt 0:00:01]} Rg6 {[%emt 0:00:08]} 35. Qe5 {[%emt 0:00:05]} Kh6 {[%emt 0:00:03]} 36. Qxc7 {[%emt 0:00:01]} a6 {[%emt 0:00:04]} 37. c6 {[%emt 0:00:02]} Re6 {[%emt 0:00:08]} 38. Qf4+ {[%emt 0:00:02]} Kh7 {[%emt 0:00:03]} 39. c7 {[%emt 0:00:00]} Rc6 {[%emt 0:00:08]} 40. Qe4+ {[%emt 0:00:01] Kongle resigns (Lag: Av=0.88s, max=2.0s)} 1-0

[Event "Stay Safe Play From Home 330"]
[Site "Mustafa Kemal Atatürk"]
[Date "2020.07.24"]
[Round "2"]
[White "Dukic"]
[Black "Timbre"]
[Result "1-0"]
[WhiteElo "1975"]
[BlackElo "1648"]
[PlyCount "53"]
[EventDate "2020.07.24"]
[EventType "swiss (blitz)"]

1. c4 {[%emt 0:00:03]} c6 {[%emt 0:00:03]} 2. Nc3 {[%emt 0:00:02]} d5 {[%emt 0:00:01]} 3. cxd5 {[%emt 0:00:03]} cxd5 {[%emt 0:00:01]} 4. d4 {[%emt 0:00:00]} Nc6 {[%emt 0:00:02]} 5. Nf3 {[%emt 0:00:01]} a6 {[%emt 0:00:02]} 6. Bf4 {[%emt 0:00:02]} Nf6 {[%emt 0:00:01]} 7. e3 {[%emt 0:00:02]} Bg4 {[%emt 0:00:03]} 8. Be2 {[%emt 0:00:04]} Bxf3 {[%emt 0:00:01]} 9. Bxf3 {[%emt 0:00:01]} e6 {[%emt 0:00:01]} 10. Qb3 {[%emt 0:00:02]} Qd7 {[%emt 0:00:02]} 11. O-O {[%emt 0:00:04]} Be7 {[%emt 0:00:02]} 12. Rac1 {[%emt 0:00:03]} O-O {[%emt 0:00:02]} 13. Na4 {[%emt 0:00:02]} b5 {[%emt 0:00:12]} 14. Nb6 {[%emt 0:00:02]} Qb7 {[%emt 0:00:04]} 15. Nxa8 {[%emt 0:00:02]} Qxa8 {[%emt 0:00:01]} 16. a4 {[%emt 0:00:09]} Na5 {[%emt 0:00:03]} 17. Qc2 {[%emt 0:00:04]} Nc4 {[%emt 0:00:02]} 18. b3 {[%emt 0:00:02]} Na3 {[%emt 0:00:04]} 19. Qc7 {[%emt 0:00:03]} Bb4 {[%emt 0:00:10]} 20. Bd6 {[%emt 0:00:04]} Bxd6 {[%emt 0:00:02]} 21. Qxd6 {[%emt 0:00:01]} bxa4 {[%emt 0:00:09]} 22. Qxa3 {[%emt 0:00:02]} axb3 {[%emt 0:00:02]} 23. Qxb3 {[%emt 0:00:02]} a5 {[%emt 0:00:01]} 24. Qa4 {[%emt 0:00:01]} h6 {[%emt 0:00:03]} 25. Rc5 {[%emt 0:00:01]} Ne4 {[%emt 0:00:10]} 26. Bxe4 {[%emt 0:00:02]} dxe4 {[%emt 0:00:01]} 27. Rxa5 {[%emt 0:00:01] Timbre resigns (Lag: Av=0.41s, max=0.7s)} 1-0

[Event "Stay Safe Play From Home 330"]
[Site "Mustafa Kemal Atatürk"]
[Date "2020.07.24"]
[Round "2"]
[White "Edmatuag"]
[Black "BrainThinker22"]
[Result "0-1"]
[WhiteElo "1817"]
[BlackElo "2143"]
[Annotator "NA"]
[PlyCount "74"]
[EventDate "2020.07.24"]
[EventType "swiss (blitz)"]

1. e4 {[%emt 0:00:02]} d5 {[%emt 0:00:04]} 2. exd5 {[%emt 0:00:01]} Qxd5 {[%emt 0:00:00]} 3. Nc3 {[%emt 0:00:01]} Qd6 {[%emt 0:00:00]} 4. d3 {[%emt 0:00:01]} Nf6 {[%emt 0:00:01]} 5. Be3 {[%emt 0:00:02]} a6 {[%emt 0:00:01]} 6. Be2 {[%emt 0:00:01]} Nc6 {[%emt 0:00:01]} 7. Nf3 {[%emt 0:00:04]} Bg4 {[%emt 0:00:01]} 8. Qd2 {[%emt 0:00:02]} O-O-O {[%emt 0:00:04]} 9. O-O-O {[%emt 0:00:01]} h6 {[%emt 0:00:06]} 10. Kb1 {[%emt 0:00:01]} e6 {[%emt 0:00:04]} 11. a3 {[%emt 0:00:14]} Be7 {[%emt 0:00:11]} 12. Nd4 {[%emt 0:00:01]} Nxd4 {[%emt 0:00:03]} 13. Bxg4 {[%emt 0:00:10]} Nxg4 {[%emt 0:00:02]} 14. Ne4 {[%emt 0:00:04]} Qc6 {[%emt 0:00:07]} 15. Bxd4 {[%emt 0:00:10]} Rxd4 {[%emt 0:00:03]} 16. f3 {[%emt 0:00:03]} Rhd8 {[%emt 0:00:17]} 17. Qc3 {[%emt 0:00:13]} Nf6 {[%emt 0:00:30]} 18. Qxc6 {[%emt 0:00:04]} bxc6 {[%emt 0:00:02]} 19. Nd2 {[%emt 0:00:02]} c5 {[%emt 0:00:22]} 20. Nc4 {[%emt 0:00:06]} R4d5 {[%emt 0:00:11]} 21. Rde1 {[%emt 0:00:11]} Bd6 {[%emt 0:00:02]} 22. g3 {[%emt 0:00:03]} Rf5 {[%emt 0:00:04]} 23. f4 {[%emt 0:00:03]} Nd5 {[%emt 0:00:04]} 24. Re4 {[%emt 0:00:11]} Nb6 {[%emt 0:00:12]} 25. Ne3 {[%emt 0:00:04]} Rf6 {[%emt 0:00:02]} 26. h4 {[%emt 0:00:04]} c4 {[%emt 0:00:30]} 27. h5 {[%emt 0:00:07]} cxd3 {[%emt 0:00:11]} 28. cxd3 {[%emt 0:00:02]} Bc5 {[%emt 0:00:03]} 29. Ng4 {[%emt 0:00:01]} Rf5 {[%emt 0:00:02]} 30. Ne5 {[%emt 0:00:04]} Rd4 {[%emt 0:00:21]} 31. Rf1 {[%emt 0:00:14]} Rxh5 {[%emt 0:00:10]} 32. Nxf7 {[%emt 0:00:07]} Rxd3 {[%emt 0:00:01]} 33. g4 {[%emt 0:00:10]} Rh2 {[%emt 0:00:02]} 34. Ka2 {[%emt 0:00:42]} Rdd2 {[%emt 0:00:02]} 35. Rb1 {[%emt 0:00:01]} Bd4 {[%emt 0:00:01]} 36. Ne5 {[%emt 0:00:38]} Rxb2+ {[%emt 0:00:05]} 37. Ka1 {[%emt 0:00:04]} Ra2# {[%emt 0:00:02] (Lag: Av=0.55s, max=1.2s)} 0-1

[Event "Stay Safe Play From Home 330"]
[Site "Mustafa Kemal Atatürk"]
[Date "2020.07.24"]
[Round "2"]
[White "SelamiSahin"]
[Black "Ionelluca"]
[Result "1-0"]
[WhiteElo "1620"]
[BlackElo "2026"]
[PlyCount "39"]
[EventDate "2020.07.24"]
[EventType "swiss (blitz)"]

1. d4 {[%emt 0:00:04]} Nf6 {[%emt 0:00:02]} 2. c4 {[%emt 0:00:02]} e6 {[%emt 0:00:01]} 3. Nc3 {[%emt 0:00:02]} Bb4 {[%emt 0:00:02]} 4. f3 {[%emt 0:00:01]} c5 {[%emt 0:00:02]} 5. d5 {[%emt 0:00:03]} b5 {[%emt 0:00:01]} 6. e4 {[%emt 0:00:02]} bxc4 {[%emt 0:00:03]} 7. Bxc4 {[%emt 0:00:01]} exd5 {[%emt 0:00:03]} 8. Bxd5 {[%emt 0:00:00]} Nxd5 {[%emt 0:00:04]} 9. Qxd5 {[%emt 0:00:00]} Nc6 {[%emt 0:00:06]} 10. Nge2 {[%emt 0:00:03]} Ba6 {[%emt 0:00:26]} 11. Kf2 {[%emt 0:00:03]} O-O {[%emt 0:00:05]} 12. Rd1 {[%emt 0:00:06]} Qf6 {[%emt 0:00:21]} 13. Bg5 {[%emt 0:00:04]} Qg6 {[%emt 0:00:06]} 14. Nf4 {[%emt 0:00:04]} Ne7 {[%emt 0:00:40]} 15. Bxe7 {[%emt 0:00:04]} Qh6 {[%emt 0:00:02]} 16. Bxf8 {[%emt 0:00:05]} Rxf8 {[%emt 0:00:07]} 17. Qd6 {[%emt 0:00:03]} Qxh2 {[%emt 0:00:05]} 18. Rh1 {[%emt 0:00:06]} c4 {[%emt 0:00:11]} 19. Qxf8+ {[%emt 0:00:02]} Bxf8 {[%emt 0:00:03]} 20. Rxh2 {[%emt 0:00:01] Ionelluca resigns (Lag: Av=0.59s, max=0.9s)} 1-0

[Event "Stay Safe Play From Home 330"]
[Site "Mustafa Kemal Atatürk"]
[Date "2020.07.24"]
[Round "2"]
[White "Klasman"]
[Black "Haxhi Baha"]
[Result "0-1"]
[WhiteElo "1601"]
[BlackElo "2005"]
[PlyCount "52"]
[EventDate "2020.07.24"]
[EventType "swiss (blitz)"]

1. f4 {[%emt 0:00:02]} e5 {[%emt 0:00:02]} 2. fxe5 {[%emt 0:00:02]} d6 {[%emt 0:00:01]} 3. Nf3 {[%emt 0:00:01]} Bg4 {[%emt 0:00:06]} 4. e4 {[%emt 0:00:02]} dxe5 {[%emt 0:00:03]} 5. Bc4 {[%emt 0:00:02]} f6 {[%emt 0:00:04]} 6. h3 {[%emt 0:00:18]} Bh5 {[%emt 0:00:07]} 7. g4 {[%emt 0:00:03]} Bg6 {[%emt 0:00:01]} 8. Nc3 {[%emt 0:00:03]} Bc5 {[%emt 0:00:06]} 9. d3 {[%emt 0:00:14]} Ne7 {[%emt 0:00:04]} 10. Qe2 {[%emt 0:00:06]} c6 {[%emt 0:00:02]} 11. Be3 {[%emt 0:00:12]} Nd7 {[%emt 0:00:01]} 12. Be6 {[%emt 0:00:07]} Qa5 {[%emt 0:00:06]} 13. g5 {[%emt 0:00:12]} Nf8 {[%emt 0:00:13]} 14. Bb3 {[%emt 0:00:17]} O-O-O {[%emt 0:00:14]} 15. h4 {[%emt 0:00:09]} Bh5 {[%emt 0:00:02]} 16. O-O-O {[%emt 0:00:28]} f5 {[%emt 0:00:03]} 17. Na4 {[%emt 0:00:07]} Bxe3+ {[%emt 0:00:08]} 18. Qxe3 {[%emt 0:00:03]} f4 {[%emt 0:00:02]} 19. Qf2 {[%emt 0:00:14]} Nd7 {[%emt 0:00:18]} 20. Rd2 {[%emt 0:00:20]} Kc7 {[%emt 0:00:15]} 21. Nc3 {[%emt 0:00:03]} Ng6 {[%emt 0:00:04]} 22. Be6 {[%emt 0:00:19]} Nc5 {[%emt 0:00:05]} 23. Bf7 {[%emt 0:00:10]} Na4 {[%emt 0:00:10]} 24. Bxg6 {[%emt 0:00:05]} Bxf3 {[%emt 0:00:12]} 25. Qxf3 {[%emt 0:00:09]} Nxc3 {[%emt 0:00:00]} 26. bxc3 {[%emt 0:00:05]} hxg6 {[%emt 0:00:01] Time (Lag: Av=0.65s, max=1.1s)} 0-1